Регионална библиотека "Любен Каравелов" - Русе

Семейно право на Република България (Запис номер 2948)

MARC детайли
000 -Лидер
Контролно поле с фиксирана дължина 01622nam a2200361 c 4500
003 - Код на организацията, давaща контролен номер
Контролно поле BLK
005 - Дата и час на последна редакция
Контролно поле 20210806165826.0
008 - Елементи от данни с фиксирана дължина
fixed length control field 180412b bul|||||r ||||||| ||bul||
010 ## - Наследен системен номер
LC control number KNG00003979000
020 ## - Международен стандартен номер на книга ISBN
Международен стандартен номер на книга ISBN 954-638-008-3
-- издат.: Софи-Р
040 ## - Източник на каталожния запис
Идентификатор на билиотеката - собственик на записа BLK
041 ## - Код за език
Код за езика на текст/звукозапис или на отделно заглавие Български
Код за езика КДБФ Български
080 ## - УДК
Текстов определител УДК Семейно право. Наследствено право. - Семейство, женитба, брак, права и задължения на съпрузите, разторгване на брак и др.
УДК код - определител по УДК 347.6
УДК определител (497.2)(075.8)
УДК - код + определител 347.6(497.2)(075.8)
100 1# - Редна дума - Автор
Автор Ненова, Лиляна Димитрова
Авторска отговорност първи автор
R(LIN) 246558
139 ## - Редно поле
Редна дума Ненова, Лиляна Димитрова
Авторски знак Нено - Н 55
245 10 - Сведения за заглавието
Заглавие Семейно право на Република България
Подзаглавни данни Учебник за студентите от СУ Св. Климент Охридски
Редно поле (дума) Лиляна Димитрова Ненова.
250 ## - Област на изданието
Сведения за изданието 2. осн. прераб. изд.
257 ## - Страна на издаване
Страна на създаване/издаване България
260 ## - Област на издателските данни
-- София
Име на издателя, разпространителя и проч. Софи-Р
Година на издаване 1994
300 ## - Физическа характеристика
Страници 704 с.
Размери/Мащаб 20 см
380 ## - Жанр
Жанр Обществени науки
500 ## - Общи забележки
Забележка 1. изд. 1977 [деп. 1978] на изд. Наука и изкуство. - 7 000 тир.
650 #4 - Допълнително описание по предмет – тема
Основно описание – тема или топоним Семейно право - България - учебници за ВУЗ
9 (RLIN) 246559
651 #4 - Допълнително описание по предмет - топоним
Географско понятие България
9 (RLIN) 241624
653 ## - Ключова дума – ненормативна
Ключова дума право
653 ## - Ключова дума – ненормативна
Ключова дума република
653 ## - Ключова дума – ненормативна
Ключова дума България
852 ## - Местоположение
Форматна сигнатура Цб 178270
856 4# - Електронен адрес и достъп
Електронен формат pdf - файл
Път до файла /url/
856 4# - Електронен адрес и достъп
Електронен формат pdf - файл
Път до файла /url/
942 ## - АРТИКУЛИ
Вид на библиотечния материал Книги
Скрит в OPAC Не
Koha issues (borrowed), all copies 1
944 ## - СЪЗДАВАНЕ И РЕДАКЦИЯ на ЗАПИСА
Създаване/Редакция Създаване
Дата на регистрацията/редакция 15.01.2003
Служител, извършил регистрацията/редакцията Кети_Илиева
944 ## - СЪЗДАВАНЕ И РЕДАКЦИЯ на ЗАПИСА
Създаване/Редакция Редакция
Дата на регистрацията/редакция 08.11.2016
Служител, извършил регистрацията/редакцията Симона_Петрова
999 ## - СИСТЕМНИ КОНТРОЛНИ НОМЕРА
Koha biblionumber 2948
Koha biblioitemnumber 2948
Наличности
Код за отписване Код за изгубен артикул Източник на класификационната схема Код за повреда Коз за рестрикции Код за отдаване Артикулен № Име на библиотеката - собственик Име на библиотеката, в която се намира в момента Статус (Текущо местоположение) Дата на вписване в системата Местоположение - отдел Цена в лева Инвентарен номер Систематично азбучна сигнатура Баркод Номер на екземпляра Цена в евро Служебен тип на артикула Служебна бележка
Изтеглен Не е изгубен Universal Decimal Classification Не е повреден без рестрикции заемане за дома 5391 Регионална библиотека "Любен Каравелов" Русе Регионална библиотека "Любен Каравелов" Русе Заемна - подръчен фонд 2001-01-01 Заемна - подръчен фонд 2.91 615580 П 347/Н 55 615580 1 1.49 Книги  
Изтеглен Не е изгубен Universal Decimal Classification Не е повреден без рестрикции заемане за дома 5392 Регионална библиотека "Любен Каравелов" Русе Регионална библиотека "Любен Каравелов" Русе Заемна - подръчен фонд 2001-01-01 Заемна - подръчен фонд 2.91 615581 П 347/Н 55 615581 2 1.49 Книги  
  Не е изгубен   Не е повреден без рестрикции ползва се в читалня 5393 Регионална библиотека "Любен Каравелов" Русе Регионална библиотека "Любен Каравелов" Русе Хранилище 1994-01-01 Хранилище 0.00 605827 Цб 178270 605827 3 0.00 Книги Дост: Dp Вид: Д N: стар фонд Дата: 01.01.1994 Дата инв: 28.10.2015 Бележки инв: Цб2015
Изтеглен Не е изгубен Universal Decimal Classification Не е повреден без рестрикции заемане за дома 5394 Регионална библиотека "Любен Каравелов" Русе Регионална библиотека "Любен Каравелов" Русе Заемна - подръчен фонд 1994-01-01 Заемна - подръчен фонд 3.80 606040 П 347/Н 55 606040 4 1.94 Книги N: стар фонд Дата: 01.01.1994
Изтеглен Не е изгубен Universal Decimal Classification Не е повреден без рестрикции заемане за дома 5395 Регионална библиотека "Любен Каравелов" Русе Регионална библиотека "Любен Каравелов" Русе Заемна - подръчен фонд 1994-01-01 Заемна - подръчен фонд 3.80 606041 П 347/Н 55 606041 5 1.94 Книги N: стар фонд Дата: 01.01.1994
Изтеглен Не е изгубен Universal Decimal Classification Не е повреден без рестрикции заемане за дома 5396 Регионална библиотека "Любен Каравелов" Русе Регионална библиотека "Любен Каравелов" Русе Заемна - подръчен фонд 1994-01-01 Заемна - подръчен фонд 3.80 606042 П 347/Н 55 606042 6 1.94 Книги N: стар фонд Дата: 01.01.1994 Дата инв: 07.02.2018 Бележки инв: П2018
Vip Innovations Ltd, Rousse, Bulgaria 2025